| 000 | 00609nam a2200181 4500 | ||
|---|---|---|---|
| 001 | 117921 | ||
| 003 | ES-MaACL | ||
| 005 | 20230906191009.0 | ||
| 007 | t| | ||
| 008 | 070214s1963 sp r ||||1| spa d | ||
| 100 | 1 |
_aPereña, Luciano. _990516 |
|
| 245 | 1 | 3 |
_aLa tesis de coexistencia pacífica en los teólogos clásicos españoles / _cdiscurso de Luciano Pereña. |
| 260 |
_aMadrid : _b[s.n.], _c1963 ( _fGráf. Ibérica) |
||
| 300 |
_a90 p. ; _c25 cm. |
||
| 500 | _aPrecede al Tit : Instituto Social León XIII. | ||
| 710 | 2 |
_aInstituto Social León XIII. _95236 |
|
| 852 |
_aES-MaACL _jC-23948 _bR.52699 |
||
| 999 |
_c117921 _d117921 |
||